| 000 | 00604nam a2200217 a 4500 | ||
|---|---|---|---|
| 001 | 645 | ||
| 003 | BR-CuiBMT | ||
| 005 | 20231112005925.0 | ||
| 008 | 231111s2005 spb d 000 0 por d | ||
| 020 | _a8598848182 | ||
| 040 |
_aBR-CuiBMT _cBR-CuiBMT |
||
| 080 |
_22007 _a342 _x(038) |
||
| 090 |
_dR _a342(038) _bH254d _c2. ed. |
||
| 100 | 1 | _aHarada, Kiyoshi | |
| 245 | 1 | 0 |
_aDicionário de direito público / _cKiyoshi Harada. |
| 250 | _a2. ed., rev. e ampl. | ||
| 260 |
_aSão Paulo : _bMP, _c2005. |
||
| 300 |
_a359 p. ; _c23 cm |
||
| 650 |
_a Direito público _xDicionários _zBrasil |
||
| 942 |
_2udc _cREF |
||
| 999 |
_c645 _d645 |
||